000 00775nas a2200265 4500
001 BR2011004502
003 BR-BrBNA
005 20231205115054.0
007 ta
008 230509b bl.|||p| |||| 00| 00por d
040 _aBR-BrBNA
_bpor
_cBiblioteca Nacional de Agricultura
041 _a(Pt)
072 _aC10
100 1 _aYamamura, M.H.
100 1 _aSouza, M.I.P. de O.
245 1 _aO ensino de fotografia no curso de Medicina Veterinária
650 _aVETERINÁRIA
650 _aENSINO
650 _aFOTOGRAFIA
650 _aEQUIPAMENTO
650 _aMICROSCOPIA
773 0 _tSemina. Ciências Agrárias (Brazil)
_xISSN 1676-546X
_g(Apr-Jun 2009), v. 30(2) p. 461-470
_wBR2011004502
909 _a202311
_bLúcia
_c55
_dLúcia Elande
942 _2AGRIS
_n0
_cANA
999 _c211945
_d211945